| Tag |
First Indicator |
Second Indicator |
Subfields |
| LEADER |
00000cam a2200000 i 4500 |
| 001 |
in00004797607 |
| 008 |
231020t20242024nyu e 000 f eng d |
| 005 |
20240802153643.3 |
| 010 |
|
|
|a 2024933701
|
| 035 |
|
|
|a (OCoLC)on1404819391
|
| 040 |
|
|
|a YDX
|b eng
|e rda
|c YDX
|d BDX
|d OCLCO
|d ZVR
|d Y
|d OCO
|d ON8
|d MWD
|d OCLCO
|d VP@
|d YDX
|
| 020 |
|
|
|a 9781646222100
|q hardcover
|
| 020 |
|
|
|a 1646222105
|q hardcover
|
| 035 |
|
|
|a (OCoLC)1404819391
|
| 043 |
|
|
|a n-us-ny
|
| 050 |
|
4 |
|a PR9510.9.Z34
|b C65 2024
|
| 082 |
0 |
4 |
|a 823/.92
|2 23/eng/20240715
|
| 100 |
1 |
|
|a Zaher, Yasmin,
|e author.
|
| 245 |
1 |
4 |
|a The coin :
|b a novel /
|c Yasmin Zaher.
|
| 250 |
|
|
|a First Catapult edition.
|
| 264 |
|
1 |
|a New York, NY :
|b Catapult,
|c 2024.
|
| 264 |
|
4 |
|c ©2024
|
| 300 |
|
|
|a 224 pages ;
|c 22 cm
|
| 336 |
|
|
|a text
|b txt
|2 rdacontent
|
| 337 |
|
|
|a unmediated
|b n
|2 rdamedia
|
| 338 |
|
|
|a volume
|b nc
|2 rdacarrier
|
| 520 |
|
|
|a "The Coin's narrator is a wealthy Palestinian woman with impeccable style and meticulous hygiene. And yet the ideal self, the ideal life, remains just out of reach: her inheritance is inaccessible, her homeland exists only in her memory, and her attempt to thrive in America seems doomed from the start. In New York, she strives to put down roots. She teaches at a school for underprivileged boys, where her eccentric methods cross boundaries. She befriends a homeless swindler, and the two participate in an intercontinental scheme reselling Birkin bags. In an unforgettable denouement, her childhood memories converge with her material and existential statelessness, and the narrator unravels spectacularly"--
|c Provided by publisher.
|
| 650 |
|
0 |
|a Palestinian Americans
|v Fiction.
|
| 650 |
|
0 |
|a Palestinian American women
|v Fiction.
|
| 650 |
|
0 |
|a Teachers
|v Fiction.
|
| 650 |
|
0 |
|a Psychic trauma
|v Fiction.
|
| 651 |
|
0 |
|a New York (N.Y.)
|v Fiction.
|
| 650 |
|
6 |
|a Américains d'origine palestinienne
|v Romans, nouvelles, etc.
|
| 650 |
|
6 |
|a Traumatisme psychique
|v Romans, nouvelles, etc.
|
| 650 |
|
7 |
|a Palestinian Arabs
|v Fiction.
|2 sears
|
| 650 |
|
7 |
|a Teachers
|v Fiction.
|2 sears
|
| 651 |
|
7 |
|a New York (N.Y.)
|v Fiction.
|2 sears
|
| 655 |
|
7 |
|a Psychological fiction.
|2 lcgft
|
| 655 |
|
7 |
|a Novels.
|2 lcgft
|
| 938 |
|
|
|a Brodart
|b BROD
|n 135480892
|
| 938 |
|
|
|a YBP Library Services
|b YANK
|n 20530362
|
| 994 |
|
|
|a Z0
|b TXA
|
| 948 |
|
|
|h NO HOLDINGS IN TXA - 213 OTHER HOLDINGS
|
| 999 |
f |
f |
|s 0dca4fdd-e135-44fa-a6cc-41f3914de86d
|i d7f9290c-505e-4e42-a854-6b73df923cd8
|t 0
|
| 952 |
f |
f |
|p normal
|a Texas A&M University
|b College Station
|c Sterling C. Evans Library
|d Evans: Library Stacks
|t 0
|e PR9510.9.Z34 C65 2024
|h Library of Congress classification
|i unmediated -- volume
|m A14852176818
|
| 952 |
f |
f |
|p 30_day
|a Texas A&M University
|b Galveston Campus
|c Jack K. Williams Library
|d Galveston Stacks
|t 0
|e PR9510.9.Z34 C65 2024
|h Library of Congress classification
|i unmediated -- volume
|m A14852176875
|
| 998 |
f |
f |
|a PR9510.9.Z34 C65 2024
|t 0
|l Evans: Library Stacks
|
| 998 |
f |
f |
|a PR9510.9.Z34 C65 2024
|t 0
|l Galveston Stacks
|